[Event "St Petersburg-ch 78th"]
[Site "St Petersburg"]
[Date "2005.03.22"]
[Round "6"]
[White "Klimov, Sergey"]
[Black "Ivanov, Sergey"]
[Result "1-0"]
[WhiteElo "2509"]
[BlackElo "2574"]
[Annotator "Psakhis,L"]
[PlyCount "97"]
[EventDate "2005.03.17"]
[Source "ChessBase"]
[SourceDate "2005.06.06"]

1. e4 e6 2. d4 d5 3. Nc3 Bb4 4. e5 c5 5. a3 Bxc3+ 6. bxc3 Ne7 7. Qg4 cxd4 8.
Qxg7 Rg8 9. Qxh7 Qc7 10. Ne2 Nbc6 11. f4 dxc3 12. Qd3 Bd7 13. Nxc3 a6 14. Rb1
Na5 15. h4 (15. h4) 15... Nf5 16. Rh3 O-O-O 17. Bd2 (17. h5 Nc4 (17... Rg4 $5
18. Qf3 $1 18... Rdg8 19. h6 R4g6 (19... Nxh6 20. Rxh6 Rg3 21. Rh8 $1 21...
Rxf3 22. Rxg8+ Be8 23. gxf3 Qxc3+ 24. Bd2) 20. h7 Rh8 21. g4 Ne7 22. a4 Nc4 23.
Bd3 Rg7 24. Qf2 {1-0 Khasin,A-De Carbonnel,H/cr 1975/ChessBase (43)}) (17...
Bc6 18. Rb4 f6 19. exf6 Qf7 20. Ne2 Bb5 21. Qf3 d4 22. h6 $36 {
1-0 Cheparinov,I-Szymanski,M/Linares Anibal op 2005/(42)}) 18. Rb4 (18. h6 Rg6
19. h7 Rh8 20. Qf3 Nce3 21. Bxe3 Qxc3+ 22. Bd2 Qxf3 23. Rxf3 Rxh7 24. Bxa6 Bc6
25. Bf1 25... d4 $44 { -  Skripchenko,A-Nepeina Leconte,M/FRA t-ch 2003/ (37)})
18... Bc6 19. Ne2 Bb5 20. a4 20... Qc5 $5 21. Ba3 Bc6 22. Qc3 Qa7 23. a5 $14 {
-  Hort,V-Nogueiras,J/Biel 1988/(43)}) 17... Nc4 18. Ne2 $146 {
Klimov is looking for new paths in a well-known position.} (18. a4 Bc6 19. Bc1
Qa5 20. Kf2 Qc5+ 21. Ke1 Rg4 22. h5 Rdg8 23. h6 Rh8 24. Qe2 Rg6 25. h7 25...
Ng3 $132 {Belaska,P-Matlak,J/Mlada Boleslav op 1993/ChessBase/ -  (77)}) (18.
Rb3 Qc5 19. Ne2 Bb5 20. Qc3 d4 21. Qb4 Qc6 22. h5 Ba4 23. Rbf3 23... Bxc2 {
0-1 Huergo,J-Paneque,P/CUB-ch S.Spiritus 1989}) (18. h5 Bc6 (18... Nxa3 19. Rb3
Nc4 20. h6 Rg6 21. h7 Rh8 22. Ne2 Bb5 23. Nd4 Nxe5 24. Qc3 Nxd4 25. Qxd4 Bxf1
26. fxe5 26... Bc4 $17 {Robson,R-Song,R/Wch B10 Heraklio 2004/ 0-1 (60)}) 19.
h6 Rg6 20. h7 Rh8 21. Ne2 Nxd2 22. Qxd2 Rg7 23. Nd4 Nxd4 24. Qxd4 24... Rgxh7
$11 {Volokitin,A-Tillmann,M/Biel op 2000/ /1-0 (43)}) 18... Bb5 $5 19. a4 ({
I think that White correctly avoided the line} 19. Nd4 19... Nxe5 20. Qc3 Nc4 (
20... Nxd4 21. Qxc7+ Kxc7 22. fxe5 22... Rg4 $5 $13) 21. Nxb5 axb5 22. Rxb5
22... Nfd6 23. Bxc4 $8 23... dxc4 24. Ra5 24... Qb6 $5) 19... Bxa4 20. Nd4 (20.
h5 Bb5) 20... Nxd4 21. Qxd4 Bxc2 22. Rc1 Ba4 (22... Bf5 $5 23. Rb3 b5) 23. h5
$5 (23. Bxc4 dxc4 24. Qxc4 Qxc4 (24... Bc6 $5) 25. Rxc4+ 25... Bc6 {
with good chances for initiative}) 23... Bc6 24. h6 24... Rg6 $1 {
A typical manoeuvre for this kind of positions.} 25. h7 Rh8 26. Bc3 (26. Qa7
Rg7 27. Bd3 Rxg2 28. Bxc4 dxc4 29. Rxc4 29... Rxd2 $5 30. Kxd2 $140 30... Qa5+
31. Rcc3 Qa2+ 32. Ke3 (32. Rc2 Rd8+ 33. Rd3 Rxd3+ 34. Kxd3 Qb3+ 35. Kd2 35...
Qb4+ $11) 32... Kc7 $1 33. Qc5 33... Qg2 $132) 26... Rg7 27. Qd3 (27. Bd3 Rxg2)
27... Qe7 (27... b5 $5) 28. Bd4 Qb4+ 29. Kf2 (29. Bc3 $142 29... Qc5 30. Bd4
30... Qb4+ $11) 29... Nd2 {
Apart from this move, Ivanov had a very strong and interesting continuation:} (
29... Rhxh7 $5 30. Rxh7 Rxh7 31. Qxh7 Qd2+ 32. Kg3 Qxc1 33. Bxc4 (33. Qg8+ Kc7
34. Qxf7+ Bd7 35. Bxc4 35... Qa3+ $5 36. Kh4 dxc4 37. Bb6+ Kc6 (37... Kxb6 38.
Qxd7 38... c3 $13) 38. f5 38... Qc1 $19) 33... Qxc4 34. Qg8+ Kc7 35. Ba7 $1
35... Qb4 $8 36. Qxf7+ 36... Bd7 $15) 30. Kg1 Nxf1 31. Kxf1 31... Kd7 $5 ({
Black could also play} 31... Kb8 {but Ivanov thinks that his king will get
safe position in the centre of the board.}) 32. Kg1 Bb5 (32... Rhxh7 $5 33.
Rxh7 Rxh7 34. Rb1 (34. Qxh7 Qxd4+ 35. Kh1 35... Qxf4 $19) 34... Qa4 35. Qc3 $5)
33. Qe3 Rhxh7 34. Rxh7 34... Rxh7 {It looks that White simply lost his pawns
without getting anything for them, but his pieces are very active and the way
to victory for Black is not so simple.} 35. Bc3 35... Qe7 $2 (35... Qa3 $5 36.
Ra1 36... Qe7 $17) 36. Bb4 $2 (36. Ba5 $1 36... Qh4 (36... Bc6 $2 37. Rxc6 $1
37... bxc6 38. Qa7+ Ke8 39. Qb8+ Kd7 40. Qc7+ $18) 37. Rc7+ Ke8 38. Rc8+ Kd7
39. Rc7+ $11) 36... Qd8 $2 (36... Qxb4 37. Qb6 37... Ke7 $1 38. f5 $1 38... Kf8
39. Rc8+ (39. f6 Qa4 40. Rc8+ Be8 41. Qc5+ 41... Kg8 $19) 39... Kg7 40. f6+ Kg6
41. Rg8+ Kf5 42. Qf2+ Qf4 43. Qc2+ Kxe5 44. Qxh7 44... Qxf6 $19) 37. Qc5 Bc6
38. f5 Qc7 (38... Kc8 $5) 39. Qe7+ $6 (39. f6 $142) 39... Kc8 40. Qf8+ Qd8 41.
Qc5 41... d4 $6 ({Ivanov had a much better option -} 41... Qh8 $1 {and White's
position is very unpleasant, due to the exposed position of his king, for
example:} 42. Kf2 Rh2 43. Qe7 Qh4+ 44. Qxh4 44... Rxh4 $19) 42. Qa7 42... Qd5
$1 43. Qa8+ 43... Kc7 $2 {
An absolutely unnecessary move, which is spoiling Black's victory.} (43... Kd7
$1 44. Qg8 44... Qe4 $1 $19) 44. Qg8 $1 44... d3 $4 (44... Qxe5 $8 45. Rxc6+
Kxc6 46. Qxh7 46... d3 $17) 45. Bd6+ $1 $18 {
A very simple and strong answer, which was for sure overlooked by Black.} 45...
Kd7 (45... Kb6 46. Rb1+ Bb5 (46... Ka5 47. Qd8+ Ka4 48. Rb4+ Ka3 49. Rb5+) 47.
Qd8+ Ka7 48. Qb8+ Kb6 49. Qc7+ Ka7 50. Bc5+ $18) 46. fxe6+ Qxe6 (46... Kxe6 47.
Qg4+ f5 48. Qg6+) 47. Qxh7 d2 48. Rf1 Bd5 49. Qc2 {
White's queen has made a good job!} 1-0

[Event "POL-ch 62nd"]
[Site "Poznan"]
[Date "2005.05.05"]
[Round "13"]
[White "Macieja, Bartlomiej"]
[Black "Socko, Bartosz"]
[Result "0-1"]
[WhiteElo "2613"]
[BlackElo "2583"]
[Annotator "Psakhis,L"]
[PlyCount "118"]
[EventDate "2005.04.21"]
[Source "ChessBase"]
[SourceDate "2005.08.01"]

1. e4 e6 2. d4 d5 3. Nc3 Bb4 4. e5 c5 5. a3 Bxc3+ 6. bxc3 Ne7 7. Qg4 7... Kf8 {
This rare move could be interesting substitute to popular} (7... O-O) 8. h4 Qa5
(8... Qc7 $5 9. Qd1 b6 10. h5 h6 11. Rh3 Ba6 12. Bxa6 Nxa6 13. Qd3 Nb8 14. a4
Nbc6 15. Ba3 Na5 16. Ne2 16... Nc4 $13 {
1-0 Saulin,D-Mkrtchian,L/Moscow-3A 1996 (37)}) 9. Bd2 Qa4 10. h5 $5 (10. Rc1 $6
{I don't like this passive move - if white wants pretend for advantage he has
to choose between} 10... Nbc6 11. h5 h6 12. Nf3 12... b6 $1 {Typical move -
white light coloured bishop much stronger than his black colleague and
Kristjansson prepares his exchange.} 13. Rh3 Ba6 14. Bxa6 Qxa6 15. Nh4 15...
Qc4 $5 (15... cxd4 $146 {Inaccuracy!} 16. cxd4 Qc4 17. Rg3 $6 {Mistake} (17.
Nf3 Nf5) ({White had to play} 17. Bc3 $1 17... Nxe5 18. Qf4 Nd7 19. Ng6+ Nxg6
20. hxg6 $132 {with unclear consequences.}) 17... Rg8 $6 ({
White will need good advice after brave} 17... Nxd4 $1 18. Qxg7+ Ke8 19. Re3 (
19. Qg4 Nxc2+) (19. Qxh8+ $2 19... Kd7 $19) 19... Rg8 $17) 18. c3 Rc8 19. f4 (
19. Qf4 19... Ke8 $1) 19... f5 20. exf6 ({Black doing well after} 20. Qd1 $5
$142 20... Kf7 $15 {but, maybe , it was less evil.}) 20... gxf6 21. Ng6+ (21.
Qh3 Kf7 (21... f5 $5)) 21... Kf7 22. Qh3 (22. Nh8+ 22... Ke8 $1) 22... Nf5 23.
Rd3 Nce7 24. g4 24... Nd6 $17 {0-1 Smirnov,P-Kristjansson,S/EUR-ch Ohrid 2001/
CBM 84/[Psakhis] (38) Black's advantage is obvious now, his knight is going to
e4, white king is weak.}) 16. Rg3 Rg8 17. Qf4 17... Ke8 $1 18. Rf3 Kd7 19. Qe3
cxd4 20. cxd4 Nxd4 21. Rxf7 Ke8 22. Rf4 Nxc2+ 23. Rxc2 23... Qxc2 $19 {
0-1 Malinin,V-Legky,N/Paris-ch 2000/ (44)}) ({or} 10. Kd1 $5 10... Nbc6 11. Nf3
h6 12. h5 b6 13. Qf4 cxd4 (13... Ba6 14. dxc5 Qxf4 15. Bxf4 Bxf1 16. Rxf1 bxc5
17. Rb1 Nb8 18. Rb7 Ke8 19. Ke2 {Bouton,C-Nogueiras,J/Linares 1997/Inf 69 (19)}
) 14. Nxd4 Nxd4 15. cxd4 (15. Qxd4 $5) 15... Ba6 16. Bxa6 Qxa6 17. Bb4 Ke8 18.
Kd2 18... Rc8 $132 {0-1 Rodriguez,A-Dolmatov,S/Sochi 1988/Inf 46 (40) with
interesting and complicated posistions in both   cases.}) 10... h6 11. Rh3 ({
White failed to get any advantage after} 11. Kd1 11... b6 12. Nf3 Ba6 13. Bxa6
Nxa6 14. Qf4 Rc8 15. g4 Ke8 16. g5 cxd4 17. gxh6 gxh6 18. Nxd4 Nc5 19. Qf6
19... Rg8 $132 {0-1 Drei,A-Lputian,S/Reggio Emilia 1998/CBM 69 (34)}) 11...
Nbc6 12. Qf4 (12. Rf3 $4 12... Nxe5 13. Qf4 Nxf3+ 14. Nxf3 14... c4 $19 {
Kveinis,A-Tatabadze,T/Belgorod 1989/0-1 (43)}) 12... Bd7 ({
White keeps some initiative after} 12... b6 13. Rf3 Nd8 14. dxc5 $5 14... Qxf4
15. Rxf4 bxc5 16. c4 (16. Be3 c4 17. Rb1 Ndc6 18. Nf3 18... g5 $1 19. hxg6 Nxg6
20. Rg4 Kg7 21. Nh4 $14 { -  Atlas,V-Psakhis,L/Geneve 1992 (24)}) 16... Ndc6
17. Nf3 g5 18. hxg6 Nxg6 19. Rg4 Ncxe5 20. Nxe5 Nxe5 21. Rh4 $14 {
1-0 Dominguez,L-Pogorelov,R/Ubeda op 2001/(54)}) 13. dxc5 $146 {
According to my database, this position appeared for the first time} (13. Rf3
Be8 14. g4 cxd4 15. Bd3 b5 16. cxd4 Nxd4 17. Rg3 Rc8 (17... a5 18. Ne2 Nxc2+
19. Bxc2 Qxc2 20. Re3 Nc6 21. Qf3 Qc5 22. Nf4 (22. Rc1 $1 22... Qe7) 22... Nd4
23. Qd1 23... Nc2+ $19 {
0-1 Bobarykin,D-Nikitin,A/RUS-sf Novosibirsk 1998/ChessBase (28)}) 18. Rc1 Ndc6
19. Qxa4 bxa4 20. f4 Rb8 21. Ne2 d4 22. Be4 f6 23. exf6 gxf6 24. c3 f5 25. gxf5
exf5 26. Bxc6 Nxc6 27. cxd4 27... Rb5 {
Voekler,B-Tabatadse,T/Morava D 1991/ChessBase/ -  (43)}) (13. Rb1 b6 14. Rf3
Be8 15. dxc5 (15. g4 {
Hracek believes in whites attacking chances and
want to exchange queens-}
15... Qxc2 16. Bd3 Qa4 17. g5 (17. Bg6 $2 17... Nxg6 18. hxg6 18... Qc2 $19)
17... c4 18. Be2 Qc2 ({Black could take and second pawn, deserves attention and
} 18... Qxa3 $5) (18... Nf5 $5) 19. Rc1 hxg5 20. Qxg5 (20. Qxf7+ Bxf7 21. Rxc2
21... g4 $1 22. Rf4 Kg8 23. Bxg4 Nd8 24. h6 24... Bg6 $1 {
leeds to clear advantage of black}) 20... Qh7 21. Rh3 21... Ng8 (21... Nf5 22.
Bd1 $1) 22. Nf3 f6 23. exf6 23... gxf6 {
0-1 Hracek,Z-Bobrowska,M/Koszalin-A 1999/CBM 73/[Psakhis,L] (38)}) 15... Qxf4
16. Rxf4 (16. Bxf4 16... bxc5 $13 {with unclear position.}) 16... bxc5 17. Nf3
g5 18. Rg4 Nf5 19. a4 f6 20. exf6 Bxh5 21. Nh2 Rb8 22. Rb5 22... Kf7 {
0-1 Zezulkin,J-Socko,B/Warsaw Amplico AIG Life Q/F 2003/The Week in Chess 491
(35)}) (13. Bd3 cxd4 14. Ne2 Rc8 15. cxd4 a5 16. Rf3 Be8 17. g4 Nd8 18. g5 Rxc2
19. gxh6 Rxh6 20. Bxc2 Qxc2 21. Qh4 Rh7 22. Rc1 22... Qe4 {
1-0 Volokitin,A-Bartel,M/ACP preliminary-A 2004/ChessBase (34)}) 13... Qxf4 (
13... Qxc2 $5 14. Bd3 Qb2 15. Rb1 Qxa3 16. Rf3 Be8 17. Ne2 $44) 14. Bxf4 14...
Rc8 {
The future of this variation depends  upon the evaluation of this position.} (
14... Na5 $5) 15. Rb1 Na5 16. Be3 {
That natural move allows black to consolidate his position.} (16. Bd3 $5 $142
16... Rxc5 $140 17. Be3 (17. Ne2 17... b6 $13) 17... Rxc3 18. Bxa7 Rxa3 19. Bc5
$36) 16... Bc6 17. f4 (17. Nf3 $5 17... Nc4 $140 18. Nd4 Nxa3 19. Ra1 Nc4 20.
Rxa7 Nxe5 21. Bf4 f6 (21... Nd7 22. Nxc6 Nxc6 23. Rxb7 $16) 22. Re3 {
with clear advantage}) 17... Nc4 18. Bc1 (18. Bxc4 18... dxc4 $44) 18... f6 $1
19. Nf3 Kf7 20. exf6 (20. g4 $36) 20... gxf6 21. Nd4 (21. Bd3 $143 21... Rcg8
22. Kf2 Rg4) 21... Rc7 22. Nxc6 (22. g4 $5 $142 22... Bd7 23. Rg3 $14) 22...
Nxc6 {The advantage of two bishops does not give anything serious to White -
Black is very well developed and takes control over the centre.} 23. g4 (23.
Bxc4 $5 23... dxc4 24. g4 Rg8 25. Rg3) 23... N6a5 {
White's pawn formation is seriously compromised on the queenside} 24. g5 (24.
Bd3 Rxc5) 24... Rxc5 25. g6+ (25. Bd3 $5 $13) 25... Kg7 {It is not so easy to
estimate correctly this position, but it looks that Black can keep equal
chances.} 26. f5 (26. Bxc4 Rxc4 27. Re3 Re8 (27... Rc6 28. c4 $1 28... dxc4 $2
$140 29. Bd2) 28. Rb5 $1 28... b6 29. Rxd5 $140 (29. f5 29... Rh4 $1 30. Rxe6
Rxe6+ 31. fxe6 Rxh5) 29... exd5 30. Rxe8 30... Re4+ $1 31. Rxe4 dxe4 32. f5
32... Nc4 33. Kf2 Nd6 34. Ke3 Nxf5+ 35. Kxe4 35... Ng3+ $36) 26... Re8 (26...
b6 $5 27. fxe6 Re8) 27. fxe6 Rxe6+ 28. Kd1 (28. Kf2 28... Nd6 $5) 28... b6 29.
a4 Rc7 30. Rh2 (30. Bg2 Rce7 31. Rh1 31... Nb7 $1) 30... Nb7 (30... Ne3+ $5 31.
Bxe3 31... Rxe3 $17) 31. Re2 Rxe2 32. Bxe2 32... Nc5 33. Bxc4 (33. Rb4 a5)
33... dxc4 (33... Nxa4 $5) 34. Be3 ({Doesn't help and} 34. a5 34... Ne4 35. Ra1
(35. axb6 $2 35... Nxc3+ 36. Ke1 36... Re7+ $19) 35... Nxc3+ 36. Ke1 (36. Kd2
Nb5 37. axb6 axb6 38. Ke3 38... Rc5 $1) 36... b5 $19) 34... Rd7+ 35. Kc1 (35.
Ke1 $5 $142 35... Rd5 (35... Nxa4 36. Rb4 Nxc3 37. Rxc4 Nd5) 36. a5 (36. Bxc5
Rxc5 37. Rb5 37... Rg5 $1 38. Ke2 f5 39. a5 Rxh5 40. axb6 axb6 41. Rxb6 41...
Rh4 $19) 36... Rxh5 37. axb6 axb6 38. Rxb6 Ne4 39. Bd4 Kxg6 40. Rc6 $17) 35...
Nxa4 {An extra pawn should be sufficient for a win, but Black still has to
show a good technique.} 36. Bd4 (36. Rb4 Nxc3 37. Rxc4 Ne2+ 38. Kb2 38... Ng3
$1 $19) 36... Rd5 $1 37. Kd2 (37. Ra1 b5) 37... Rxh5 38. Rf1 (38. Ra1 $5 38...
Ra5 $140 39. Rf1) 38... Rh2+ (38... Nc5 $5 39. Bxf6+ (39. Rxf6 $2 39... Ne4+)
39... Kxg6 40. Bd4 40... Nd7 $19) 39. Ke3 (39. Kc1 Kxg6 40. Rxf6+ 40... Kg5)
39... Rh3+ (39... Kxg6) 40. Ke4 Nxc3+ 41. Kf5 {
Macieja strives to safe game, but Black has too many pawns!} 41... Rh5+ 42. Ke6
42... Ne4 $19 (42... Nd5 $5) 43. Rf4 Nc5+ 44. Kd6 (44. Ke7 Rd5 45. Bxf6+ Kxg6)
44... Rh2 45. c3 Rd2 (45... Nb3 $5 46. Bxf6+ 46... Kxg6) 46. Kd5 Nb3 47. Kxc4
47... Nxd4 {A glorious finish of the knight march!

} 48. cxd4 h5 49. Kd5 ({
There wasn't a rescue in} 49. d5 49... Kxg6 50. Rd4 Rxd4+ 51. Kxd4 Kf7) 49...
Kxg6 50. Ke6 Re2+ 51. Kd6 Kg5 52. Rf1 h4 53. Rd1 (53. d5 $5) 53... h3 54. d5 h2
55. Kc6 Rc2+ 56. Kb7 56... Rd2 $1 {
This rook had a splendid career in this game!} 57. Rxd2 h1=Q 58. Kb8 Qc1 59.
Rd3 Qc2 0-1

[Event "Leon m"]
[Site "Leon"]
[Date "2005.06.24"]
[Round "3"]
[White "Volokitin, Andrei"]
[Black "Timman, Jan H"]
[Result "1-0"]
[WhiteElo "2679"]
[BlackElo "2607"]
[Annotator "Psakhis,L"]
[PlyCount "49"]
[EventDate "2005.06.24"]
[Source "ChessBase"]
[SourceDate "2005.09.26"]

1. e4 e6 2. d4 d5 3. Nc3 Bb4 4. e5 c5 5. a3 Bxc3+ 6. bxc3 Ne7 7. Qg4 O-O 8. Bd3
Nbc6 9. Qh5 Ng6 10. Nf3 Qc7 11. Be3 (11. Ng5 h6 12. Nxf7 Qxf7 13. Qxg6 Qxg6 14.
Bxg6 cxd4 15. cxd4 Nxd4 16. Be3 Nc6 17. f4 b6 18. Bd3 18... Nb8 $5 19. a4 Ba6
20. a5 bxa5 21. Bxa6 Nxa6 22. O-O 22... Nb4 $13 {
0-1 Gritsaenko,V-Khlusevich,S/corr 1997 (52)}) (11. h4 $5 {
leads to wild complications:} 11... c4 12. Ng5 h6 13. Bxg6 fxg6 14. Qxg6 hxg5
15. hxg5 Nxe5 16. Qh5 Rf5 17. Qe8+ {
-  Skorchenko,D-Potkin,V/RUS-ch B20 Ufa 2000 (17)}) 11... c4 (11... Nce7 $5)
12. Bxg6 fxg6 13. Qg4 Bd7 14. h4 Rf5 15. h5 (15. Ng5 Raf8 16. Qe2 $146 (16. h5
Qa5 17. Bd2 h6 18. Nh3 gxh5 19. Qg3 Kh7 20. Rb1 b5 21. Kd1 Qxa3 22. Nf4 Rxf4
23. Bxf4 Rxf4 24. Qxf4 Qxc3 25. Rh3 Qxd4+ 26. Qxd4 26... Nxd4 $132 {
-  Lingnau,C-Kipper,J/BL2-W 1998 (31)}) 16... h6 17. Nh3 17... Qd8 $1 18. g3
18... b5 {Black prepares counter-play on the queen's side} 19. Qd2 Qe7 20. Ke2
(20. Nf4 $5 20... Qf7 $13 (20... Kh7 21. g4 $1)) 20... a5 21. Rh2 Rb8 22. g4 (
22. Nf4 Be8) 22... Rff8 23. Nf4 Be8 24. h5 24... g5 $36 {
0-1 David,A-Enders,P/BL 2000/CBM 75/[Psakhis,L] (34)}) (15. Ng1 Ne7 16. Ne2
16... h6 $1 $11) 15... gxh5 16. Rxh5 16... Raf8 (16... Rxh5 17. Qxh5 Be8 (17...
Rf8 18. Qh3 18... Rxf3 $5 19. Qxf3 Be8 20. Qh3 Qd7 21. a4 Bg6 22. Kd1 Na5 23.
Bc1 Bf5 24. Qh4 h6 25. f3 Kh7 26. Ra2 26... Qe8 $44 {
Ionov,S-Sergienko,S/RUS t-ch St.Petersburg 1999 /0-1 (46)}) 18. Qh3 Nd8 19. Bg5
(19. Kd2 Bg6 20. Nh4 Qf7 21. g4 Nc6 22. Rf1 Rf8 23. Qg3 Qe8 24. f3 24... Ne7 {
-  Papa,S-Kniest,O/Zurich op-A 2004 (52)}) 19... Bf7 20. Kd2 Qd7 21. Rh1 Bg6
22. Bxd8 Rxd8 23. Ng5 Bf5 24. g4 24... Bg6 {
-  Ernst,T-Berg,E/SWE-ch Goeteborg 2005/ (46)}) 17. Kd2 ({
Worth considering was also} 17. Rh3 {. This position was tested many times on
the highest level. And Black can play now:} 17... Be8 (17... Qa5 18. Kd2 Be8
19. Rg3 $146 (19. Ng5) 19... Bg6 20. Nh4 Ne7 21. f3 R8f7 22. Rh1 $1 22... Rh5 (
22... Qxa3 23. Nxg6 Nxg6 24. Rxh7 Kxh7 25. Qxg6+ Kg8 26. Qxe6 Qe7 27. Qxd5 $16)
23. Qxe6 Qxa3 24. Rb1 $1 $16 24... Qa6 (24... Rxh4 25. Rxb7 h6 (25... Kh8 26.
Rb8+ Ng8 27. Qc8 $18) 26. Rxg6 Rh1 27. Rb8+ Kh7 28. Rxh6+ Rxh6 29. Bxh6 $18)
25. Qxa6 bxa6 26. Nxg6 $5 (26. Bg5 $1 26... Nf5 27. Nxg6 hxg6 28. Rg4 $18)
26... Nxg6 27. Rg5 Rxg5 28. Bxg5 28... h6 {
1-0 Amonatov,F-Kosyrev,V/Russia 2004/ (54)}) {Black's defence is not easy after
} 18. Ng5 $5 (18. Kd2 $6 $146 {Too slowly!} 18... h5 19. Qh4 (19. Qg3 19...
Rxf3 $1 20. gxf3 20... Ne7 $44) 19... Rxf3 {A typical and strong sacrifice.
Now Black manages to build a tough defensive position.} 20. gxf3 Ne7 21. a4 Nf5
22. Qg5 Qe7 23. Qg2 (23. Qxe7 23... Nxe7 $44) 23... Kh7 24. Ke2 Rh8 25. Rhh1 {
-  Rowson,J-Barsov,A/York Vikings GM 2000/CBM 81/[Psakhis] It is not clear
how White can improve the position, and the opponents decided to finish the
game now.}) 18... Qa5 19. Kd2 {
and I think that Black already must sacrifice the exchange.} (19. Bd2 Rxg5 20.
Bxg5 Rf5 21. Bd2 Qa4 22. Qd1 Bg6 23. Ra2 Rf8 24. g4 b6 25. f3 b5 26. Qb1 Rf7
27. Ke2 Rf8 28. Kf2 Rf7 29. Kg3 29... Rf8 {
1-0 Sammalvuo,T-Smeets,J/Gausdal Classic 2004/CBM 104/[Atlas,V] (60)}) 19...
Rxg5 $1 (19... Bg6 20. Nxh7 (20. Nxe6 $5 20... Rxf2+ 21. Bxf2 Rxf2+ 22. Ke1
22... Rxc2 $2 23. Rf3 $18) 20... Bxh7 21. Rah1 Rxf2+ 22. Bxf2 Rxf2+ 23. Ke1 Rf7
24. Kd1 Bxc2+ 25. Kxc2 Kf8 26. Rf3 Rxf3 27. Rh8+ Ke7 28. Qxf3 Nxd4+ 29. cxd4 {
1-0 Nimtz,M-De Mauro,J/corr 1996/77 telechess (29)}) (19... Rxf2+ 20. Bxf2
Rxf2+ 21. Ke1) 20. Qxg5 20... Bg6 $44 {with some compensation.} 21. Rhh1 $1 { }
21... Qa4 22. Ra2 (22. Rhc1 $145 22... b5 23. Qg4 $1 23... Bf5 24. Qd1 $14 {
Kobalia,M}) 22... b5 23. Rha1 23... Bf5 $146 (23... a5) 24. g4 $6 (24. Qg3 $5
24... a6 25. Qg5 Qa5 26. Rb1 $16) 24... Be4 25. f4 $14 {
-  Ernst,T-Rylander,D/Sverige (ch)  2003/ (37)} (25. f4 $14)) (17. Ng5 Qa5 18.
Bd2 (18. Kd2 $2 18... Rxf2+) 18... Rf4 19. Qh3 19... h6 $1 (19... Rxf2 $2 20.
Nf3 Rxd2 21. Kxd2 h6 22. Qg4 Kf7 23. Rh3 {
1-0 Ivanchuk,V-Lutz,C/Muenchen 1994[Ivanchuk,V] (40)}) 20. Rxh6 {
'!' Ivanchuk,V.} (20. Bxf4 Rxf4 21. Kf1 Rf5 22. Nxe6 Rf7 23. Qg3 Bxe6 24. Rxh6
Bf5 25. Rh5 Ne7 26. Kg1 Qb6 27. Re1 Qe6 28. Qh4 Ng6 29. Qd8+ Rf8 30. Qd6 Bg4
31. Qxe6+ Bxe6 32. Kf1 Bf5 33. Rc1 Nf4 34. Rh2 g5 35. f3 {
Crafty 18.12-Deep Fritz 7/Computers-ch 2002/0-1 (80)}) (20. f3 hxg5 21. Rh8+
Kf7 22. Qh5+ Ke7 23. Qxg5+ Ke8 24. Qh5+ g6 25. Qxg6+ 25... Kd8 $15) 20... gxh6
21. Qxh6 21... R4f7 $132 (21... R8f7 22. f3 Rg7 23. Kf2) 22. f3 (22. O-O-O
Qxa3+ 23. Kb1 23... Nb4 $1 24. cxb4 c3 25. Bxc3 Qxc3 26. Rh1 Qxb4+ 27. Kc1 Qa3+
28. Kb1 $11) 22... Ne7 $1 (22... Rg7 23. Kf2 Nd8 24. Rh1 Nf7 25. Qh5 Nxg5 26.
Bxg5 Be8 27. Qh8+ Kf7) 23. Kf2 23... Rg7 $1 $132 (23... Nf5 $2 24. Qh5 $18))
17... Be8 18. Rxf5 (18. Rg5 Bg6 19. Rxg6 hxg6 20. Ng5 Rxg5 21. Qxg5 Kf7 22. Rh1
Qe7) (18. Rh2 Qb6 (18... h5 19. Qh3) 19. Kc1 Qa5 20. Kd2 Qb6 21. Kc1 Qa5 22.
Kd2 Bg6 23. Rb1 Qa4 24. Rc1 24... Qxa3 $17 {
0-1 Ernst,T-Hillarp Persson,T/SWE-ch Orebro 2000/ (29)}) 18... exf5 19. Qg3 Nd8
20. Ng5 h6 (20... Bg6 21. Rh1 (21. Bf4 Qd7 22. Rh1 Ne6 23. Nxe6 23... Qxe6 {
-  Fogarasi,T-Farago,I/HUN t-ch 0304 2003/EXT 2005}) 21... Qc6 22. Qh4 f4 23.
Nxh7 Qa4 (23... fxe3+ $5 24. Kxe3 Re8 (24... Bxh7 25. Qxh7+ 25... Kf7 $13) 25.
Ng5 $140 25... Nf7) 24. Nxf8 Qxc2+ 25. Ke1 Qb1+ (25... fxe3 26. fxe3 Bd3 27.
Qh8+ Kf7 28. Rf1+ Bxf1 29. Kxf1 Qxc3 30. e6+ Nxe6 31. Nxe6 $11) 26. Ke2 Qd3+
27. Kf3 Qe4+ 28. Ke2 28... Qd3+ {
-  Carlsen,M-Ostenstad,B/NOR-ch playoff Oslo 2004/}) 21. Nh3 21... g5 $4 $146 {
Only this move turns out to be a novelty., but it is a serious error that
ruins the game} (21... Qc6 22. Rh1 Bf7 23. Nf4 Kh7 24. Qh3 Bg6 25. Qh4 Bf7 26.
Rh3 Ne6 27. Qe7 Kg8 28. Rg3 Nxf4 29. Bxf4 Re8 30. Qf6 Qxf6 31. exf6 g5 32. Be5
Kh7 33. f4 g4 34. Re3 Kg6 35. Re1 Re6 36. Rb1 {
Papa,S-Hochstrasser,M/SUI Masters 2004/ChessBase/ -  (50)}) (21... Kh7 $5 22.
Nf4 (22. Rh1 22... Ne6) 22... Qc6 23. Rh1 23... Ne6 $13) 22. Bxg5 hxg5 23.
Qxg5+ $18 {Q It would be Interesting to learn what Timman missed in his
calculations. Black's position is just lost.} 23... Kf7 (23... Qg7 24. Qxd8 Bd7
25. Qh4 $18) 24. Nf4 24... Qc6 (24... Ne6 25. Qg6+) (24... Bc6 25. e6+ $5 25...
Nxe6 26. Qg6+ $18) 25. Rh1 1-0